| 000 | 00742nam a2200205 i 4500 | ||
|---|---|---|---|
| 001 | 21836 | ||
| 003 | ES-MaACL | ||
| 007 | t| | ||
| 008 | 021128s1983 sp ||||1| spa d | ||
| 100 | 1 |
_aAleixandre Tena, Francisca. _919694 |
|
| 245 | 1 | 0 |
_aCatálogo de la biblioteca y archivo del Instituto Valenciano de Economía / _cFrancisca Aleixandre Tena ; con la colaboración de Rafael Diego Díez. |
| 260 |
_aValencia : _bInstitución Alfonso el Magnánimo, _c1983. |
||
| 300 |
_aX, 650 p. ; _c24 cm. |
||
| 490 | 1 | _aArxius i documents | |
| 700 | 1 |
_aDíez, Rafael Diego. _944669 |
|
| 710 | 2 |
_aInstituto Valenciano de Economía. _95250 |
|
| 830 | 0 |
_aArxius i documents _9180777 |
|
| 852 |
_aES-MaACL _jL-5123 _bR.105535 |
||
| 999 |
_c21836 _d21836 |
||